| 000 | 00685nam a2200265 a 4500 | ||
|---|---|---|---|
| 003 | AR-BaBNM | ||
| 005 | 20251128204944.0 | ||
| 008 | 082120s2002 ||||||||||||||000 | spa|| | ||
| 020 | _a84-277-1094-1 | ||
| 040 | _cAR-BaBNM | ||
| 100 | 1 | _aAgüera Espejo-Saavedra, Isabel | |
| 245 | 0 | 0 |
_aMás teatrillos _bcon niños y niñas de 3, 4 y 5 años |
| 260 |
_aMadrid _bNarcea _c1994 |
||
| 300 |
_a95 p. _bil. |
||
| 490 | 0 | _aPrimeros años | |
| 650 | 4 | _aCUENTOS | |
| 650 | 4 | _aPSICOMOTRICIDAD | |
| 650 | 4 | _aPOESIA | |
| 650 | 4 | _aDESARROLLO DE LA CREATIVIDAD | |
| 650 | 4 | _aDRAMATIZACION | |
| 650 | 4 | _aTEATRO ESCOLAR | |
| 653 | _aEDUCACION INICIAL | ||
| 942 | _cBK | ||
| 998 | _cGrace | ||
| 999 |
_c9476 _d9476 |
||